NBA Leaders By Year - Statistics

General Stats
  • This quiz has been taken 2,455 times
    123 since last reset
  • The average score is 59 of 127
Answer Stats
Player % Correct
Nikola Jokić
97%
Stephen Curry
97%
LeBron James
95%
Michael Jordan
93%
DeAndre Jordan
92%
Luka Dončić
91%
Shai Gilgeous-Alexander
91%
Victor Wembanyama
91%
Jerry West
89%
Shaquille O'Neal
89%
Kevin Durant
88%
Kobe Bryant
88%
James Harden
86%
Wilt Chamberlain
86%
Chris Paul
85%
Joel Embiid
85%
Magic Johnson
85%
Russell Westbrook
83%
Steve Nash
82%
Bill Russell
79%
Moses Malone
79%
Rudy Gobert
79%
Allen Iverson
78%
David Robinson
78%
Truck Robinson
78%
Hakeem Olajuwon
77%
Kareem Abdul-Jabbar
75%
Dennis Rodman
74%
Dwight Howard
74%
John Stockton
74%
George Johnson
73%
Jason Kidd
73%
Scottie Pippen
73%
Bob Cousy
71%
Bob Pettit
71%
Carmelo Anthony
71%
Charles Barkley
69%
Dwyane Wade
69%
Alvin Robertson
66%
Anthony Davis
66%
Baron Davis
66%
Oscar Robertson
66%
Kevin Garnett
64%
Tracy McGrady
63%
Ben Wallace
62%
Gerald Wallace
62%
Kawhi Leonard
62%
Draymond Green
61%
Rickey Green
60%
Ausar Thompson
59%
Domantas Sabonis
59%
Trae Young
59%
Dyson Daniels
55%
Andre Drummond
54%
George Gervin
54%
Paul George
54%
Isiah Thomas
53%
Jaren Jackson Jr.
53%
Dikembe Mutombo
50%
Bob McAdoo
49%
George Mikan
49%
Tyrese Haliburton
48%
Dominique Wilkins
47%
Lenny Wilkens
47%
Mark Jackson
46%
Elvin Hayes
44%
Rajon Rondo
44%
Alex English
43%
Gary Payton
43%
Wes Unseld
43%
Rick Barry
42%
Eddie Jones
41%
Pete Maravich
41%
Andre Miller
40%
Myles Turner
39%
Bill Walton
38%
Dolph Schayes
38%
Jimmy Butler
38%
Kevin Love
38%
Mark Eaton
38%
Elmore Smith
34%
Manute Bol
34%
Alonzo Mourning
33%
Chris Webber
33%
De'Aaron Fox
33%
Adrian Dantley
32%
Bernard King
32%
Bill Laimbeer
29%
Dejounte Murray
29%
Nate Archibald
29%
Paul Arizin
29%
Serge Ibaka
28%
Clint Capela
27%
Hassan Whiteside
27%
Marcus Camby
23%
Kevin Porter
20%
Ben Simmons
19%
Micheal Ray Richardson
13%
Neil Johnston
13%
OG Anunoby
13%
George Yardley
12%
Tree Rollins
12%
Victor Oladipo
12%
Rod Strickland
11%
Andrew Bogut
10%
Theo Ratliff
10%
Shawn Bradley
9%
Walker Kessler
9%
Andrei Kirilenko
7%
Mookie Blaylock
7%
Ron Lee
6%
M.L. Carr
5%
Swen Nater
5%
Andy Phillip
4%
Ernie DiGregorio
4%
Guy Rodgers
4%
Harry Gallatin
4%
Johnny Moore
4%
Kendall Gill
4%
Larry Hughes
4%
Michael Cage
4%
Norm Van Lier
4%
Slick Watts
3%
Don Buse
2%
Maurice Stokes
2%
Nate McMillan
2%
Larry Steele
1%
No matching quizzes found
Score Distribution
Percent of People with Each Score
Percentile by Number Answered
Your Score History
You have not taken this quiz since the last reset